| 000 | 00715nam a2200241Ia 4500 | ||
|---|---|---|---|
| 003 | OSt | ||
| 005 | 20220927105530.0 | ||
| 006 | a|||||r|||| 00| 0 | ||
| 007 | ta | ||
| 008 | 220926b |||||||| |||| 00| 0 eng d | ||
| 024 | _a170158 | ||
| 037 | _cReference Collections | ||
| 040 |
_aRTL _cRTL _beng |
||
| 041 |
_2eng _aeng |
||
| 082 | _a"Y6m2, N52, J2.2" | ||
| 110 |
_aMonthly sehabilitation review. _9372988 |
||
| 245 | 0 | _a"Ministry of sehabilitation. Vol.2, no.1 (1951)." | |
| 260 |
_aIndia _bMinistry of schabilitation _c1951 |
||
| 300 |
_a27p. _ccm. |
||
| 700 |
_aMonthly sehabilitation review. _9372989 |
||
| 942 |
_h"Y6m2, N52, J2.2" _cCC |
||
| 999 |
_c692864 _d692864 |
||